Winx Club and World of Winx Characters - Statistics

General Stats
  • This quiz has been taken 1,121 times
    1,113 since last reset
  • The average score is 25 of 59
Answer Stats
Hint Answer % Correct
Princess of Domino Bloom
99%
Princess of Solaria Stella
99%
Fairy of Nature Flora
97%
Main character from Melody Musa
96%
Main character from Zenith Tecna
93%
Fairy of Waves Aisha
91%
Stella's boyfriend Brandon
82%
Leader of the Trix Icy
80%
Thunderous member of the Trix Stormy
79%
Psychic member of the Trix Darcy
78%
Musa's ex-boyfriend Riven
78%
Tecna's "boyfriend" Timmy
76%
Main villain of season 3 Valtor
64%
Bloom's sister Daphne
62%
Fiary of Animals Roxy
62%
Season 3 transformation Enchantix
58%
Headmistress of Alfea Faragonda
56%
Bloom's Bunny Companion Kiko
56%
Season 5's second transformation Sirenix
53%
Season 6's first transformation Bloomix
52%
Main villain of season 2 Darkar
52%
Season 4 transformation Believix
49%
Season 2 transformation Charmix
49%
Stella's bonded Pixie Amore
48%
Bloom's father Oritel
47%
Flora's bonded Pixie Chatta
45%
Bloom's bonded Pixie Lockette
44%
Aisha's bonded Pixie Piff
44%
Season 5's first transformation Harmonix
43%
Tecna's first bonded Pixie Digit
41%
Season 7's first transformation Butterflix
39%
Musa's first bonded Pixie Tune
36%
Season 1 transformation Winx
36%
Head witchtress of Cloud Tower Griffin
34%
Main villain of season 5 Tritannus
34%
Scary teacher at Alfea Griselda
33%
Season 6's second transformation Mythix
33%
Bloom's boyfriend Prince Sky
32%
Season 7's second transformation Tynix
31%
Transformation in season 1 of World of Winx Dreamix
26%
Bully on Earth Mitzi
24%
Bloom's childhood friend Selena
20%
Main villain of season 6 Acheron
19%
Transformation in season 2 of World of Winx Onyrix
19%
Tecna's second bonded Pixie Caramel
18%
Main villains of season 4 Wizards of the Black Circle
18%
Musa's second bonded Pixie Cherie
17%
The Trix's ex-minion Knut
16%
Princess once in love with Brandon Amentia
13%
Main villain of World of Winx Tinker Bell
12%
Bloom's mother Miriam
10%
Teacher of Potionology Professor Palladium
7%
Teacher of Metamorphosis Professor Wizgiz
6%
Main female villain of season 7 Kelshara
5%
Minion of Darkar "Professor Avalon"
4%
Master of Red Fountain Condatorta
3%
Her kingdom ^ the Downlands
3%
Main male villain of season 7 Brophelius
2%
Accomplice of ^ The Shaman
2%
No matching quizzes found
Score Distribution
Percent of People with Each Score
Percentile by Number Answered
Your Score History
You have not taken this quiz since the last reset